Trestno-právne aspekty dokazovania požiarov, výbuchov, prevádzkových havárií a pracovných úrazov
Vybrané aspekty vyšetrovania a dokazovania požiarov, výbuchov, prevádzkových havárií a pracovných úrazov. Podnety, osobitosti opatrenia, neodkladné a neopakovateľné úkony realizované pri vyšetrovaní týchto udalostí. Predmet a rozsah dokazovania, tvorba a previerka vyšetrovacích verzií a plánovani...
Enregistré dans:
| Auteur principal: | |
|---|---|
| Autres auteurs: | |
| Format: | Chapitre de livre |
| Langue: | slovaque |
| Sujets: | |
| Tags: |
Pas de tags, Soyez le premier à ajouter un tag!
|
MARC
| LEADER | 00000naa a2200000 4500 | ||
|---|---|---|---|
| 001 | 0264268 | ||
| 005 | 20240417073051.5 | ||
| 041 | 0 | |a slo | |
| 044 | |a SK | ||
| 245 | 1 | 0 | |a Trestno-právne aspekty dokazovania požiarov, výbuchov, prevádzkových havárií a pracovných úrazov |c Jana Viktoryová, Jaroslav Blatnický |
| 520 | |a Vybrané aspekty vyšetrovania a dokazovania požiarov, výbuchov, prevádzkových havárií a pracovných úrazov. Podnety, osobitosti opatrenia, neodkladné a neopakovateľné úkony realizované pri vyšetrovaní týchto udalostí. Predmet a rozsah dokazovania, tvorba a previerka vyšetrovacích verzií a plánovanie vyšetrovania. | ||
| 610 | 2 | 0 | |a požiare |
| 610 | 2 | 0 | |a úrazy pracovné |
| 610 | 2 | 0 | |a havárie |
| 610 | 2 | 0 | |a právo trestné |
| 100 | 1 | |a Viktoryová, Jana | |
| 700 | 1 | |a Blatnický, Jaroslav | |